| 000 | 00787cam a22002531 4500 | ||
|---|---|---|---|
| 001 | he 65000199 | ||
| 003 | DLC | ||
| 005 | 20260227111428.0 | ||
| 008 | 840406s1963 is a 000 0 heb | ||
| 010 | _ahe 65000199 | ||
| 035 | _a(OCoLC)19168592 | ||
| 040 |
_aDLC _cMH _dCU _dDLC |
||
| 042 | _apremarc | ||
| 043 | _aa-is--- | ||
| 050 | 0 | 0 |
_aDS110.M6 _bP6 |
| 245 | 0 | 0 |
_aModiʻim / _c[ba-ʻarikhat Z. Poran u-Ṿ. Śarʼel] |
| 260 |
_aJerusalem : _bha-Ḳeren ha-ḳayemet le-Yiśraʼel, ha-Maḥlaḳah le-ḥinukh ule-noʻar, _c724 [1963 or 1964] |
||
| 300 |
_a48 p. : _bill. ; _c17 cm. |
||
| 651 | 0 | _aModiʻin (Israel) | |
| 700 | 1 | _aPoran, Zevulun. | |
| 700 | 1 | _aSarel, Baruch. | |
| 710 | 2 |
_aJewish National Fund. _bYouth and Education Department. |
|
| 752 |
_aIsrael _dJerusalem |
||
| 999 |
_c30897 _d30897 |
||